00445nam a2200181 a 4500001001300000003000900013005001700022008004100039020000800080082001700088100001800105245004200123260002700165300000900192500003500201505001000236650001700246nice12345678IN_TiNIC20260116011303.0050524s1943 caia grp 000 0 eng  ac000a922.97bTAH1 aTaha, Hussein aStream of Daysb Student at the Azhar aCairobAl-Maarefc1943 a210p aincludes index and biblioraphy2 aIndex aTaha Hussein